| 000 | 00743nam a22002417a 4500 | ||
|---|---|---|---|
| 005 | 20140310183629.0 | ||
| 008 | 131115b xxu||||| |||| 00| 0 eng d | ||
| 020 | _a9780071317849 | ||
| 050 |
_aQA 303.2 _b.H64 2013 |
||
| 245 |
_aApplied calculus for business, economics, and the social and life sciences / _cLaurence Hoffmann, [et al.]. |
||
| 250 | _aExpanded 11th ed. | ||
| 260 |
_aNew York : _bMcGraw-Hill, _c2013. |
||
| 300 |
_axxiii, 1059 p. : _bill. col. ; _c27 cm. |
||
| 500 | _aIncludes Index. | ||
| 521 | _aEDU | ||
| 650 |
_aCalculus _xTextbooks. |
||
| 700 | _aHoffmann, Laurence D. | ||
| 700 | _aBradley, Gerald. | ||
| 700 | _aSobecki, Dave. | ||
| 700 | _aPrice, Michael | ||
| 942 |
_2lcc _cBK _kFOR |
||
| 999 |
_c25575 _d25575 |
||